=LDR 00000nam 2200000 4500 =001 INLIS000000000030756 =005 20130612132857 =008 ***********************************Ind** =035 ##$$0010-061300000030756 =041 ##$$a Ind =082 ##$$a 006.3 =090 ##$$a 006.3, Kus a =100 ##$$a Kusumawati, Ririen =245 ##$$a Artificial intehigence, menyamai kecerdasan buatan ilahi, Ririen Kusumawati ; editor, Ika mar'stus =260 ##$$a 2007 $b Malang =300 ##$$a 134 hlm, ilus6c21 cm =650 ##$$a Kecerdasan buatan =850 ##$$a NBPNMAT